000 00291nam a2200121Ia 4500
008 150201s2007 xx 000 0 und d
082 _a615
_bB08W
100 _aWHO
245 _aBASIC TESTS FOR PHARMCEUTICAL DOSAGE
260 _bAITBS
_aDELHI
_c2007
650 _aPHARMACOLOGY
942 _2ddc
_cBK
999 _c752
_d752